000 00467nam a2200181Ia 4500
001 10839
005 20260306161902.0
008 260306t1961||||xx |||||||||||||| ||spa||
041 _aESP
082 _a974
_bV75
100 _aLeón-Portilla, Miguel
_eAUT
245 0 _aVisión de los vencidos:
_brelaciones indígenas de la conquista
260 _c1961
300 _axxix, 217 páginas :
_c17 cm.
650 _aGEN
654 _aCHU
942 _cLIB
_dJUS
_fJUS
_2ddc
_n
999 _c10839
_d10839